00546nam a2200169 a 450000100100000000500170001000800410002704000250006808200140009310000320010724500400013926000390017930000200021804900090023895201120024799900170035900002822420200930031444.0110407s19uu dr 000 0 spa d aDO-SdBNPbspacBNPHU axxxbU66a1 aUpdegraff, Robert R.95521410aAdams obvio /cRobert R. Updegraff. aSanto Domingo :bTele-3,c[19--?]. a39 p. ;c22 cm. aBNPD 0010718PDaPDbPDcCTd2011-04-07iLF1l0oxxx U66ap28224-10r2020-06-25w2020-06-25yLFPDZNo se presta c27716d27716